000 00370cam a22001217a 4500
008 180718b1955 xxu||||| |||| 00| 0 eng d
082 _aQ100x42 M833
100 _aMorris, Morris
245 _aVoluntary organisations and social progress
_cby Mary Morris
260 _aLondon
_bVictor Gollancz
_c1955
300 _a224p.
650 _aSocial progress-England-Voluntary bodies
999 _c432135
_d432135